VISIONES DEL FUTURO /

TRADUCCION DE: FUTURE VISIONS

Αποθηκεύτηκε σε:
Λεπτομέρειες βιβλιογραφικής εγγραφής
Κύριος συγγραφέας: Maslow, Abraham H. (autor)
Μορφή: Βιβλίο
Σειρά:(Psicología Kairós)
Θέματα:
Ετικέτες: Προσθήκη ετικέτας
Δεν υπάρχουν, Καταχωρήστε ετικέτα πρώτοι!

MARC

LEADER 00000nam^a2200000^a^4500
001 000247703
005 20250521000000.0
009 20260310105621.928
020 |a 84-7245-416-9 
035 |a 071315 
037 |a Acervo Xavier Clavigero 
082 |a 155. 2  |b MAS 
100 |a Maslow, Abraham H.  |e (autor) 
245 1 0 |a VISIONES DEL FUTURO /  |c ABRAHAM MASLOW ; TR. ALFONSO COLODRON 
264 |a Barcelona, España :  |b Kairós  |c 2001 
300 |a 311 p. 
336 |a texto  |b txt  |2 rdacontenido 
337 |a sin mediación  |b n  |2 rdamedio 
338 |a volumen  |b nc  |2 rdasoporte 
440 1 |a (Psicología Kairós) 
520 |a TRADUCCION DE: FUTURE VISIONS 
649 |a XX 
650 |a Personalidad 
650 |a Carácter 
910 |a Fondo General 
920 |a Impresos - Libros 
930 |a Colección General 
905 |a 101 
901 |a 071315  |b IT1  |c ACC  |i 071315  |u 20250521 
902 |a https://opac.biblio.iteso.mx/vufind/Record/000247703